[Event "DVM U16 2019"]
[Site "Magdeburg GER"]
[Date "2019.12.28"]
[Round "3"]
[White "Janke, Julian"]
[Black "Melitzki, Richard"]
[Result "1-0"]
[Termination "normal"]
[Board "5.4"]
[WhiteElo "1659"]
[BlackElo "1403"]
[WhiteTeam "SK Blauer Springer Paderborn 1926 e. V."]
[BlackTeam "Schachklub König Plauen"]
[PlyCount "53"]
[WhiteFideId "16229185"]
[BlackFideId "16223420"]
[EventCountry "GER"]
[EventRounds "7"]
[EventType "team-swiss"]
[EventDate "2019.12.26"]

1. d4 Nf6 2. Bf4 g6 3. e3 Bg7 4. Nf3 O-O 5. h3 d6 6. Be2 Nbd7 7. O-O Qe8 8. c4
e5 9. Bh2 Qe7 10. Nc3 Re8 11. Re1 e4 12. Nd2 Nb6 13. Qc2 Bf5 14. a4 Rac8 15. a5
Na8 16. a6 bxa6 17. Rxa6 c6 18. Rea1 c5 19. Bxd6 Qd8 20. Bxc5 Bf8 21. Bxf8 Rxf8
22. Rxa7 Re8 23. b4 Nb6 24. c5 Nbd5 25. Qb3 Nxc3 26. Qxf7+ Kh8 27. Qg7# 1-0

[Event "DVM U16 2019"]
[Site "Magdeburg GER"]
[Date "2019.12.28"]
[Round "3"]
[White "Klühs, Gustaf"]
[Black "Koll, Linus"]
[Result "0-1"]
[Termination "normal"]
[Board "6.1"]
[WhiteElo "1865"]
[BlackElo "1987"]
[WhiteTeam "SC Borussia Lichtenberg"]
[BlackTeam "Karlsruher SF 1853"]
[PlyCount "84"]
[WhiteFideId "16228936"]
[BlackFideId "12990299"]
[EventCountry "GER"]
[EventRounds "7"]
[EventType "team-swiss"]
[EventDate "2019.12.26"]

1. d4 Nf6 2. Nf3 d5 3. c4 g6 4. cxd5 Nxd5 5. e4 Nf6 6. Nc3 b6 7. Bc4 Bb7 8. Qb3
e6 9. Bg5 Be7 10. e5 Nd5 11. Ne4 Bxg5 12. Nfxg5 Nd7 13. O-O h6 14. Nf3 Nf4 15.
Qe3 g5 16. g3 Nh3+ 17. Kg2 g4 18. Nfd2 Ng5 19. h4 Nxe4 20. Nxe4 f5 21. exf6
Nxf6 22. Bd3 Qd5 23. Rae1 O-O-O 24. f3 gxf3+ 25. Rxf3 Nxe4 26. Bxe4 Qxa2 27.
Bxb7+ Kxb7 28. Rf2 Rdf8 29. Rc2 Qd5+ 30. Kh2 Rf3 31. Qc1 Qd6 32. Re5 Rg8 33.
Qh1 Rgxg3 34. Qe1 Rh3+ 35. Kg2 Rfg3+ 36. Qxg3 Rxg3+ 37. Kxg3 c5 38. Rce2 cxd4
39. Kg2 d3 40. Rxe6 Qd5+ 41. R2e4 d2 42. Re7+ Ka6 0-1

[Event "DVM U16 2019"]
[Site "Magdeburg GER"]
[Date "2019.12.28"]
[Round "3"]
[White "Fidlin, Simon"]
[Black "Kraft, Adrian"]
[Result "1-0"]
[Termination "normal"]
[Board "6.2"]
[WhiteElo "1907"]
[BlackElo "1715"]
[WhiteTeam "Karlsruher SF 1853"]
[BlackTeam "SC Borussia Lichtenberg"]
[PlyCount "77"]
[WhiteFideId "16217535"]
[BlackFideId "16235010"]
[EventCountry "GER"]
[EventRounds "7"]
[EventType "team-swiss"]
[EventDate "2019.12.26"]

1. e4 g6 2. d4 Bg7 3. Nc3 d5 4. Be3 dxe4 5. Nxe4 Nf6 6. Nxf6+ exf6 7. Qd2 O-O
8. O-O-O h5 9. Be2 c6 10. h3 b5 11. Bf3 a5 12. g4 h4 13. Ne2 b4 14. Nf4 Qd6 15.
Nd3 Be6 16. Kb1 g5 17. Nc5 Nd7 18. Be4 Rfb8 19. f4 a4 20. Nxe6 Qxe6 21. Bf5 Qd5
22. Rh2 b3 23. cxb3 axb3 24. a3 Nb6 25. Qd3 Bf8 26. Be4 Qe6 27. Bc1 Nd5 28. Re2
Qd6 29. fxg5 fxg5 30. Bxd5 Qxd5 31. Re5 Qg2 32. Rd2 Qg3 33. Rxg5+ Bg7 34. Qf5
Qd6 35. Rf2 Qe7 36. Qd3 Ra4 37. Re2 Rxd4 38. Rxg7+ Kxg7 39. Qxd4+ 1-0

[Event "DVM U16 2019"]
[Site "Magdeburg GER"]
[Date "2019.12.28"]
[Round "3"]
[White "Katzenbach, Linus"]
[Black "Wang, Xinyuan"]
[Result "1/2-1/2"]
[Termination "normal"]
[Board "6.3"]
[WhiteElo "1672"]
[BlackElo "1676"]
[WhiteTeam "SC Borussia Lichtenberg"]
[BlackTeam "Karlsruher SF 1853"]
[PlyCount "49"]
[WhiteFideId "16257537"]
[BlackFideId "16221494"]
[EventCountry "GER"]
[EventRounds "7"]
[EventType "team-swiss"]
[EventDate "2019.12.26"]

1. e4 c5 2. Nf3 e6 3. d3 Nc6 4. g3 g6 5. Bg2 Bg7 6. O-O Nge7 7. Nbd2 O-O 8. Re1
d6 9. c3 b5 10. Nf1 b4 11. Qc2 Ba6 12. Bf4 Rc8 13. Rad1 Qd7 14. Qa4 Qb7 15.
Bxd6 bxc3 16. bxc3 Bxc3 17. Rb1 Bb4 18. Bxe7 Bb5 19. Qb3 Qxe7 20. Red1 Na5 21.
Qb2 Ba4 22. Rdc1 Nc6 23. Ne3 Rfd8 24. Qe2 Qd7 25. Bf1 1/2-1/2

[Event "DVM U16 2019"]
[Site "Magdeburg GER"]
[Date "2019.12.28"]
[Round "3"]
[White "Borodaev, Roman"]
[Black "Gillmeister, Gino"]
[Result "1-0"]
[Termination "normal"]
[Board "6.4"]
[WhiteElo "1705"]
[BlackElo "1599"]
[WhiteTeam "Karlsruher SF 1853"]
[BlackTeam "SC Borussia Lichtenberg"]
[PlyCount "70"]
[WhiteFideId "16274881"]
[BlackFideId "16224914"]
[EventCountry "GER"]
[EventRounds "7"]
[EventType "team-swiss"]
[EventDate "2019.12.26"]

1. e4 b6 2. d4 Bb7 3. Bd3 e6 4. Qe2 Nf6 5. f4 d5 6. e5 Ne4 7. Nf3 c5 8. c3 Nc6
9. Bxe4 dxe4 10. Qxe4 Qd7 11. Qd3 cxd4 12. Nbd2 Rd8 13. O-O dxc3 14. Qxc3 Bc5+
15. Kh1 Ne7 16. Nb3 Qb5 17. Bd2 Nd5 18. Qc1 Ba6 19. Re1 Bf2 20. Rd1 Rc8 21. Qb1
O-O 22. Qe4 Qe2 23. Qa4 Bb5 24. Qa3 Qe4 25. Ng5 Qf5 26. Nf3 Nxf4 27. Nbd4 Bxd4
28. Nxd4 Qxe5 29. Bxf4 Qxf4 30. Nxb5 a5 31. Qd6 Qf2 32. Rd2 Qf5 33. Nc3 Rb8 34.
Rad1 b5 35. Qxb8 Qf1+ 1-0

[Event "DVM U16 2019"]
[Site "Magdeburg GER"]
[Date "2019.12.28"]
[Round "3"]
[White "Pahl, Erik"]
[Black "Kamp, Adrian"]
[Result "1-0"]
[Termination "normal"]
[Board "7.1"]
[WhiteElo "2030"]
[BlackElo "1884"]
[WhiteTeam "Delmenhorster SK V 1931"]
[BlackTeam "Schachklub Münster 32 e. V."]
[PlyCount "91"]
[WhiteFideId "16201272"]
[BlackFideId "16222466"]
[EventCountry "GER"]
[EventRounds "7"]
[EventType "team-swiss"]
[EventDate "2019.12.26"]

1. e4 c5 2. Nf3 d6 3. d4 cxd4 4. Nxd4 Nf6 5. Nc3 g6 6. Be3 Bg7 7. f3 O-O 8. Qd2
Nc6 9. Bc4 Bd7 10. O-O-O Rc8 11. Bb3 Ne5 12. Kb1 Nc4 13. Bxc4 Rxc4 14. g4 b5
15. b3 Rc8 16. Ndxb5 Qa5 17. a4 a6 18. Nd5 Qxd2 19. Nxe7+ Kh8 20. Rxd2 axb5 21.
Nxc8 Rxc8 22. axb5 Ra8 23. Bd4 Bxb5 24. c4 Be8 25. g5 Nd7 26. Bxg7+ Kxg7 27.
Rxd6 Rb8 28. Ka2 Ne5 29. f4 Nc6 30. Ka3 Nb4 31. Rhd1 Nc2+ 32. Kb2 Ne3 33. Rc1
Ba4 34. Rd3 Ng2 35. Rf1 Bc6 36. e5 Kf8 37. Kc3 Rc8 38. Rh3 Kg7 39. Rf2 Rd8 40.
Rd3 Rxd3+ 41. Kxd3 Kf8 42. b4 Ke7 43. b5 Ba8 44. c5 Ne1+ 45. Kc4 Kd7 46. Ra2
1-0

[Event "DVM U16 2019"]
[Site "Magdeburg GER"]
[Date "2019.12.28"]
[Round "3"]
[White "Hungeling, David"]
[Black "Pahl, Theis"]
[Result "0-1"]
[Termination "normal"]
[Board "7.2"]
[WhiteElo "1507"]
[BlackElo "2022"]
[WhiteTeam "Schachklub Münster 32 e. V."]
[BlackTeam "Delmenhorster SK V 1931"]
[PlyCount "56"]
[WhiteFideId "16222440"]
[BlackFideId "16201264"]
[EventCountry "GER"]
[EventRounds "7"]
[EventType "team-swiss"]
[EventDate "2019.12.26"]

1. e4 g6 2. d4 Bg7 3. Nc3 a6 4. Nf3 d6 5. h3 b5 6. a3 Nd7 7. Bd3 c5 8. d5 Ngf6
9. O-O O-O 10. Re1 Bb7 11. Bf4 Re8 12. Qd2 Nb6 13. Rab1 Qd7 14. b3 e6 15. dxe6
Rxe6 16. e5 Nh5 17. Ng5 Nxf4 18. Nxe6 Nxe6 19. exd6 Qxd6 20. Rbd1 Rd8 21. Nb1
Qc6 22. f3 c4 23. bxc4 bxc4 24. Be4 Rxd2 25. Bxc6 Bd4+ 26. Kh1 Rxd1 27. Rxd1
Bxc6 28. c3 Bc5 0-1

[Event "DVM U16 2019"]
[Site "Magdeburg GER"]
[Date "2019.12.28"]
[Round "3"]
[White "Rabe, Maximilian"]
[Black "John, Niklas"]
[Result "1/2-1/2"]
[Termination "normal"]
[Board "7.3"]
[WhiteElo "1569"]
[BlackElo "1389"]
[WhiteTeam "Delmenhorster SK V 1931"]
[BlackTeam "Schachklub Münster 32 e. V."]
[PlyCount "72"]
[WhiteFideId "12982911"]
[BlackFideId "16234626"]
[EventCountry "GER"]
[EventRounds "7"]
[EventType "team-swiss"]
[EventDate "2019.12.26"]

1. b4 e5 2. a3 d5 3. Bb2 Bd6 4. e3 c6 5. Nf3 Nd7 6. c4 Ne7 7. d4 e4 8. Nfd2 O-O
9. c5 Bb8 10. a4 Nf5 11. Nc3 Qg5 12. Qe2 Nf6 13. h3 Re8 14. O-O-O Qh4 15. Qe1
Qg5 16. g4 Nh4 17. Be2 h5 18. gxh5 Nxh5 19. Qg1 Qxg1 20. Rdxg1 Nf6 21. b5 Bc7
22. Nb3 Rb8 23. a5 b6 24. axb6 axb6 25. bxc6 bxc5 26. Nxc5 Rb6 27. N3a4 Rb8 28.
Bc3 Nf3 29. Bxf3 exf3 30. Kd2 Ne4+ 31. Nxe4 dxe4 32. h4 Ra8 33. Nc5 Ra2+ 34.
Ke1 Ra3 35. Kd2 Ra2+ 36. Ke1 Ra3 1/2-1/2

[Event "DVM U16 2019"]
[Site "Magdeburg GER"]
[Date "2019.12.28"]
[Round "3"]
[White "Bergeret Busse, Julian"]
[Black "Sinnhöfer, Joshua"]
[Result "0-1"]
[Termination "normal"]
[Board "7.4"]
[WhiteElo "1401"]
[BlackElo "1654"]
[WhiteTeam "Schachklub Münster 32 e. V."]
[BlackTeam "Delmenhorster SK V 1931"]
[PlyCount "104"]
[WhiteFideId "16298446"]
[BlackFideId "16201361"]
[EventCountry "GER"]
[EventRounds "7"]
[EventType "team-swiss"]
[EventDate "2019.12.26"]

1. e4 e5 2. Nf3 Nc6 3. Bc4 Bc5 4. d3 a6 5. c3 d6 6. Bb3 Nf6 7. O-O Bg4 8. Nbd2
Qd7 9. Re1 h5 10. Nf1 h4 11. h3 Bh5 12. Bg5 O-O-O 13. N1h2 Rdg8 14. Qd2 Bxf3
15. Nxf3 Rh5 16. Nxh4 Rgh8 17. Nf5 Ng4 18. Be3 Nxe3 19. fxe3 g6 20. Ng3 Rg5 21.
Kh2 Qg4 22. Qf2 f5 23. exf5 gxf5 24. Be6+ Kb8 25. Bxf5 Qh4 26. Re2 Rhg8 27. Ne4
Rxg2+ 28. Qxg2 Rxg2+ 29. Rxg2 Bxe3 30. Rg4 Qh6 31. Rf1 Ne7 32. Rf3 Bf4+ 33. Ng3
Nxf5 34. Rfxf4 exf4 35. Nxf5 Qe6 36. Rxf4 Qe2+ 37. Kg3 Qxb2 38. c4 Qxa2 39. Ne7
b6 40. Nc6+ Kb7 41. Nd8+ Kc8 42. Nc6 Qe2 43. Rf8+ Kd7 44. Nb8+ Ke7 45. Rf3 Qe5+
46. Kg4 Qg7+ 47. Kh5 Qh8+ 48. Kg6 Qxb8 49. Rf7+ Ke6 50. Kg7 Qh8+ 51. Kxh8 Kxf7
52. h4 Kg6 0-1

[Event "DVM U16 2019"]
[Site "Magdeburg GER"]
[Date "2019.12.28"]
[Round "3"]
[White "Gubariev, Jakob"]
[Black "Yi, Danny"]
[Result "0-1"]
[Termination "normal"]
[Board "8.1"]
[WhiteElo "1896"]
[BlackElo "2182"]
[WhiteTeam "Schachfreunde Augsburg"]
[BlackTeam "SF 59 Kornwestheim"]
[PlyCount "58"]
[WhiteFideId "16216938"]
[BlackFideId "12988588"]
[EventCountry "GER"]
[EventRounds "7"]
[EventType "team-swiss"]
[EventDate "2019.12.26"]

1. e4 e5 2. Nf3 Nc6 3. d4 exd4 4. Bc4 Nf6 5. e5 d5 6. Bb5 Ne4 7. Nxd4 Bd7 8.
Bxc6 bxc6 9. O-O Be7 10. f3 Ng5 11. f4 Ne4 12. Nd2 Nxd2 13. Qxd2 c5 14. Ne2 Bc6
15. f5 d4 16. Qf4 Qd5 17. Rf2 O-O-O 18. Qg3 Qe4 19. Bf4 g5 20. fxg6 hxg6 21. e6
Bh4 22. e7 Qxe7 23. Qh3+ f5 24. Qa3 Bxf2+ 25. Kxf2 Qe4 26. Qxa7 Qxg2+ 27. Ke1
Rh7 28. Kd2 Bb5 29. Re1 Re8 0-1

[Event "DVM U16 2019"]
[Site "Magdeburg GER"]
[Date "2019.12.28"]
[Round "3"]
[White "Afonso, Nils"]
[Black "Brückner, Alexander"]
[Result "1-0"]
[Termination "normal"]
[Board "8.2"]
[WhiteElo "1955"]
[BlackElo "1876"]
[WhiteTeam "SF 59 Kornwestheim"]
[BlackTeam "Schachfreunde Augsburg"]
[PlyCount "113"]
[WhiteFideId "12990582"]
[BlackFideId "12952613"]
[EventCountry "GER"]
[EventRounds "7"]
[EventType "team-swiss"]
[EventDate "2019.12.26"]

1. d4 d5 2. c4 e6 3. Nc3 Nf6 4. cxd5 exd5 5. Bg5 c6 6. e3 Be7 7. Bd3 h6 8. Bh4
O-O 9. Qc2 Re8 10. Nf3 Ne4 11. Bxe7 Qxe7 12. O-O Nd7 13. b4 f5 14. b5 Qd6 15.
bxc6 bxc6 16. Rab1 c5 17. Nxd5 Kh8 18. Nc3 Ba6 19. Nb5 Bxb5 20. Bxb5 cxd4 21.
Nxd4 Rec8 22. Qb2 Qd5 23. Rfc1 Ndc5 24. Bc4 Qe5 25. Qe2 Rab8 26. Rxb8 Rxb8 27.
f3 Rb1 28. Rxb1 Nc3 29. Qe1 Nxb1 30. Kf2 Na3 31. Qb4 Nxc4 32. Qxc4 a6 33. g3
Kh7 34. Ke2 Kg6 35. a3 Qd6 36. Qc2 Qd5 37. g4 Kf6 38. Qxf5+ Qxf5 39. Nxf5 Nd7
40. h4 h5 41. Nd4 hxg4 42. fxg4 Ne5 43. g5+ Kg6 44. e4 Kh5 45. Nf3 Nc4 46. e5
Nxa3 47. Ke3 Kg4 48. Ke4 Nb5 49. e6 Nc7 50. e7 a5 51. h5 Kxh5 52. Ke5 g6 53.
Kd6 Ne8+ 54. Kd7 Ng7 55. Nd4 Kxg5 56. Ne6+ Nxe6 57. Kxe6 1-0

[Event "DVM U16 2019"]
[Site "Magdeburg GER"]
[Date "2019.12.28"]
[Round "3"]
[White "Vuckovic, Katarina"]
[Black "Kluge, Malte"]
[Result "0-1"]
[Termination "normal"]
[Board "8.3"]
[WhiteElo "1309"]
[BlackElo "1679"]
[WhiteTeam "Schachfreunde Augsburg"]
[BlackTeam "SF 59 Kornwestheim"]
[PlyCount "76"]
[WhiteFideId "16232615"]
[BlackFideId "16243838"]
[EventCountry "GER"]
[EventRounds "7"]
[EventType "team-swiss"]
[EventDate "2019.12.26"]

1. e4 c5 2. Nc3 Nc6 3. d3 g6 4. Be3 d6 5. Qd2 Bg7 6. g3 Nf6 7. Bh6 O-O 8. h4
Nd4 9. Bxg7 Kxg7 10. Bg2 Rb8 11. Nd1 b5 12. c3 Ne6 13. f4 Rg8 14. Ne3 b4 15.
Nf3 Ba6 16. f5 Nc7 17. g4 bxc3 18. bxc3 Kf8 19. fxg6 hxg6 20. Ng5 Ne6 21. Nxe6+
fxe6 22. O-O Ke8 23. g5 Nh5 24. Ng4 Kd7 25. Qc2 Bb5 26. Rad1 Qa5 27. Rc1 Ba4
28. Qd2 Rgf8 29. d4 c4 30. Ne3 Bb5 31. a4 Ba6 32. Qa2 Rxf1+ 33. Rxf1 Qxc3 34.
Qf2 Rb2 35. Qf3 Qxd4 36. e5 d5 37. Bh3 Qxe5 38. Nxd5 Qh2# 0-1

[Event "DVM U16 2019"]
[Site "Magdeburg GER"]
[Date "2019.12.28"]
[Round "3"]
[White "Afonso, Phil"]
[Black "Hamkar, Behzad"]
[Result "0-1"]
[Termination "normal"]
[Board "8.4"]
[WhiteElo "1650"]
[BlackElo "1223"]
[WhiteTeam "SF 59 Kornwestheim"]
[BlackTeam "Schachfreunde Augsburg"]
[PlyCount "162"]
[WhiteFideId "16207475"]
[BlackFideId "16255631"]
[EventCountry "GER"]
[EventRounds "7"]
[EventType "team-swiss"]
[EventDate "2019.12.26"]

1. e4 e6 2. d4 d5 3. e5 c5 4. c3 Qb6 5. Nf3 Bd7 6. Nbd2 Bb5 7. Bxb5+ Qxb5 8.
Qb3 Qa6 9. Qc2 Nc6 10. Nb3 cxd4 11. cxd4 Nb4 12. Qe2 Qb6 13. a3 Nc6 14. Qd3 a5
15. O-O a4 16. Nbd2 Nh6 17. Rd1 Nf5 18. Nf1 Be7 19. Rb1 Na5 20. N1d2 Nc6 21.
Nf1 Na5 22. N1d2 Nc6 23. Nf1 Na5 24. Be3 Nc4 25. Qc3 O-O 26. N1d2 Rfc8 27. Nxc4
Rxc4 28. Qd2 Rac8 29. Rbc1 Qb3 30. Rxc4 Rxc4 31. Rc1 b5 32. Rxc4 bxc4 33. Ne1
f6 34. g4 Nxe3 35. exf6 gxf6 36. fxe3 c3 37. Qxc3 Qxc3 38. bxc3 Bxa3 39. Nc2
Bb2 40. Nb4 Bxc3 41. Na2 Bb2 42. Kf2 e5 43. dxe5 fxe5 44. h4 Kf7 45. Kf3 Kf6
46. e4 dxe4+ 47. Kxe4 h6 48. Nb4 a3 49. Na2 Kg6 50. Nb4 h5 51. g5 Bc1 52. Kxe5
Bxg5 53. hxg5 Kxg5 54. Kd4 Kg4 55. Kc3 a2 56. Kb2 a1=Q+ 57. Kxa1 h4 58. Nd3 Kg3
59. Kb2 h3 60. Kc3 h2 61. Kd4 h1=Q 62. Ne5 Kf4 63. Nd3+ Kf5 64. Kc3 Qa1+ 65.
Kc4 Ke4 66. Nc5+ Ke3 67. Kd5 Qd4+ 68. Kc6 Qc4 69. Kd6 Kd4 70. Ne6+ Ke4 71. Nc5+
Kf5 72. Kc6 Ke5 73. Kb6 Kd6 74. Nb7+ Kd5 75. Ka7 Qc7 76. Ka6 Kc6 77. Na5+ Kc5
78. Nb7+ Kb4 79. Ka7 Kb5 80. Ka8 Kb6 81. Na5 Qd8# 0-1

[Event "DVM U16 2019"]
[Site "Magdeburg GER"]
[Date "2019.12.28"]
[Round "3"]
[White "Kosev, Momchil"]
[Black "Liebold, Aaron"]
[Result "1/2-1/2"]
[Termination "normal"]
[Board "9.1"]
[WhiteElo "1814"]
[BlackElo "2001"]
[WhiteTeam "Erfurter Schachklub"]
[BlackTeam "ESV Gera"]
[PlyCount "46"]
[WhiteFideId "12975982"]
[BlackFideId "12997846"]
[EventCountry "GER"]
[EventRounds "7"]
[EventType "team-swiss"]
[EventDate "2019.12.26"]

1. d4 Nf6 2. Nf3 e6 3. g3 b6 4. Bg2 Bb7 5. O-O Be7 6. c4 O-O 7. Nc3 Ne4 8. Qc2
Nxc3 9. Qxc3 f5 10. Rd1 Bf6 11. Be3 d6 12. Qa3 Qe7 13. c5 Nc6 14. Rac1 d5 15.
Qd3 Rfc8 16. a3 a5 17. b3 Ba6 18. Qd2 b5 19. Bf4 b4 20. a4 h6 21. h4 Rf8 22.
Qe3 Rae8 23. Rc2 Rf7 1/2-1/2

[Event "DVM U16 2019"]
[Site "Magdeburg GER"]
[Date "2019.12.28"]
[Round "3"]
[White "Helmsdorf, Marius"]
[Black "Wagner, Margarethe"]
[Result "0-1"]
[Termination "normal"]
[Board "9.2"]
[WhiteElo "1574"]
[BlackElo "1805"]
[WhiteTeam "ESV Gera"]
[BlackTeam "Erfurter Schachklub"]
[PlyCount "60"]
[WhiteFideId "16274873"]
[BlackFideId "16236947"]
[EventCountry "GER"]
[EventRounds "7"]
[EventType "team-swiss"]
[EventDate "2019.12.26"]

1. c4 Nf6 2. g3 g6 3. Bg2 Bg7 4. Nc3 d6 5. d4 O-O 6. e4 e5 7. d5 a5 8. Nge2
Nbd7 9. O-O Nc5 10. Bg5 h6 11. Bxf6 Bxf6 12. b3 Bd7 13. Qc2 Bg7 14. h3 h5 15.
Kh2 Ra6 16. Nc1 f5 17. f3 Bh6 18. Qe2 h4 19. g4 fxg4 20. hxg4 Qf6 21. Bh3 Qf4+
22. Kh1 Qd2 23. Qxd2 Bxd2 24. N1e2 Rb6 25. Rab1 Rb4 26. Kg2 a4 27. Nxa4 Bxa4
28. bxa4 Rxc4 29. Rb2 Bg5 30. Rfb1 Rxa4 0-1

[Event "DVM U16 2019"]
[Site "Magdeburg GER"]
[Date "2019.12.28"]
[Round "3"]
[White "Wagner, Victoria"]
[Black "Frank, Marian"]
[Result "1/2-1/2"]
[Termination "normal"]
[Board "9.3"]
[WhiteElo "1797"]
[BlackElo "1286"]
[WhiteTeam "Erfurter Schachklub"]
[BlackTeam "ESV Gera"]
[PlyCount "45"]
[WhiteFideId "16232348"]
[BlackFideId "16245059"]
[EventCountry "GER"]
[EventRounds "7"]
[EventType "team-swiss"]
[EventDate "2019.12.26"]

1. e4 e5 2. Nf3 Nc6 3. Bc4 Bc5 4. O-O Nf6 5. d3 d6 6. c3 h6 7. a4 a6 8. Na3 O-O
9. Nc2 Be6 10. Bxe6 fxe6 11. Re1 Qd7 12. Be3 Rad8 13. b4 Bxe3 14. Rxe3 Ne7 15.
Qe1 Ng6 16. h3 Rf7 17. d4 exd4 18. Ncxd4 Rdf8 19. Ra2 Nf4 20. Kh2 Nh7 21. a5 e5
22. Nf5 Qe6 23. Rd2 1/2-1/2

[Event "DVM U16 2019"]
[Site "Magdeburg GER"]
[Date "2019.12.28"]
[Round "3"]
[White "Schulter, Moritz"]
[Black "Seinsoth, Paul"]
[Result "1/2-1/2"]
[Termination "normal"]
[Board "9.4"]
[WhiteElo "1598"]
[BlackElo "1629"]
[WhiteTeam "ESV Gera"]
[BlackTeam "Erfurter Schachklub"]
[PlyCount "94"]
[WhiteFideId "16245067"]
[BlackFideId "12994634"]
[EventCountry "GER"]
[EventRounds "7"]
[EventType "team-swiss"]
[EventDate "2019.12.26"]

1. c4 e5 2. Nc3 Nf6 3. g3 d5 4. cxd5 Nxd5 5. Bg2 Nb6 6. Nf3 Nc6 7. O-O Be7 8.
b3 O-O 9. Bb2 Re8 10. d3 Bf8 11. Ne4 Bf5 12. Rc1 Bxe4 13. dxe4 Qxd1 14. Rfxd1
f6 15. Bh3 Bd6 16. e3 Rad8 17. Rd2 Kf7 18. Bf1 a6 19. Bxa6 Nb4 20. Bxb7 Nxa2
21. Rcd1 Nb4 22. Ba3 Rb8 23. Bxb4 Bxb4 24. Bd5+ Nxd5 25. Rxd5 Bd6 26. R1d3 Rb6
27. Nd2 Reb8 28. Ra5 Ke6 29. Rad5 Rb4 30. f4 R4b5 31. fxe5 fxe5 32. Kg2 Rxd5
33. exd5+ Kf5 34. e4+ Kg6 35. Nc4 Rb4 36. Nxd6 cxd6 37. Kf3 Kf6 38. Ke3 Ke7 39.
Rc3 Kf6 40. Kf3 h6 41. Re3 Rd4 42. h3 Rb4 43. Kg4 Rd4 44. h4 g6 45. h5 Rb4 46.
hxg6 Kxg6 47. Kf3 Kg5 1/2-1/2

[Event "DVM U16 2019"]
[Site "Magdeburg GER"]
[Date "2019.12.28"]
[Round "3"]
[White "Leitherer, Johannes"]
[Black "Pikalow, Michael"]
[Result "0-1"]
[Termination "normal"]
[Board "10.1"]
[WhiteElo "1833"]
[BlackElo "1849"]
[WhiteTeam "Stuttgarter SF 1879"]
[BlackTeam "USC Magdeburg"]
[PlyCount "108"]
[WhiteFideId "16261593"]
[BlackFideId "16227638"]
[EventCountry "GER"]
[EventRounds "7"]
[EventType "team-swiss"]
[EventDate "2019.12.26"]

1. e4 c5 2. Nf3 d6 3. d4 cxd4 4. Nxd4 Nf6 5. Nc3 a6 6. Be2 e5 7. Nb3 Be7 8. O-O
O-O 9. Be3 Nbd7 10. a4 b6 11. f4 Bb7 12. Bf3 exf4 13. Bxf4 Ne5 14. Kh1 Nxf3 15.
Qxf3 d5 16. exd5 Bxd5 17. Nxd5 Qxd5 18. Rad1 Qxf3 19. Rxf3 Rac8 20. c3 Rc4 21.
Rd4 Rxd4 22. Nxd4 Bc5 23. Be3 Re8 24. b4 Bf8 25. Kg1 Ng4 26. Bd2 Rd8 27. b5
axb5 28. axb5 Ne5 29. Rf1 Nc4 30. Bf4 Bc5 31. Rd1 Na3 32. Be3 Nxb5 33. Rc1 Nxc3
34. Rxc3 Rxd4 35. Rc1 Rd5 36. Kf1 g6 37. Bh6 Rh5 38. Bd2 Rxh2 39. Rc4 Rh5 40.
g4 Rd5 41. Bc3 f5 42. gxf5 Rxf5+ 43. Kg2 Rf2+ 44. Kg3 Rc2 45. Kf3 Bd4 46. Rxd4
Rxc3+ 47. Kg2 Rc7 48. Rb4 Rc6 49. Kf3 Re6 50. Kf4 Kf7 51. Ra4 h5 52. Kg5 Ke7
53. Rd4 Rd6 54. Rf4 Kd7 0-1

[Event "DVM U16 2019"]
[Site "Magdeburg GER"]
[Date "2019.12.28"]
[Round "3"]
[White "Schiffner, Robin"]
[Black "Alkabetz, Michael"]
[Result "0-1"]
[Termination "normal"]
[Board "10.2"]
[WhiteElo "1377"]
[BlackElo "1644"]
[WhiteTeam "USC Magdeburg"]
[BlackTeam "Stuttgarter SF 1879"]
[PlyCount "124"]
[WhiteFideId "16210328"]
[BlackFideId "16261577"]
[EventCountry "GER"]
[EventRounds "7"]
[EventType "team-swiss"]
[EventDate "2019.12.26"]

1. e4 c6 2. d4 d5 3. exd5 cxd5 4. Bd3 Nc6 5. c3 Nf6 6. Bf4 Bg4 7. Qb3 Qb6 8.
Qxb6 axb6 9. Nd2 Kd7 10. Ngf3 e6 11. O-O Bd6 12. Ne5+ Ke7 13. Rfe1 Nd7 14. Bg3
Ndxe5 15. dxe5 Bc7 16. f4 h6 17. Nb3 Rhc8 18. Nd4 Nxd4 19. cxd4 Bd8 20. a3 Rc7
21. Rf1 Bf5 22. Bxf5 exf5 23. Bh4+ Ke6 24. Be1 b5 25. Bb4 Be7 26. Bc3 Bxa3 27.
Rxa3 Rxa3 28. bxa3 Rxc3 29. Rb1 Rxa3 30. Rxb5 Ra4 31. Rb6+ Kd7 32. Rd6+ Kc7 33.
Rxd5 Ra6 34. Rc5+ Rc6 35. Rd5 b6 36. Kf2 Re6 37. Kf3 Re8 38. Ke3 Ra8 39. Rb5
Ra3+ 40. Ke2 Kc6 41. Rb2 Ra5 42. Kd3 b5 43. Kc3 Ra3+ 44. Kc2 Re3 45. g3 Re2+
46. Kc3 Rxb2 47. Kxb2 Kd5 48. Kc3 g5 49. Kb4 gxf4 50. gxf4 Kxd4 51. Kxb5 Ke4
52. Kc6 Kxf4 53. Kd6 Ke4 54. Ke7 Kxe5 55. Kxf7 f4 56. Kg6 f3 57. Kxh6 f2 58. h4
f1=Q 59. h5 Qg1 60. Kh7 Kf6 61. h6 Kf7 62. Kh8 Qg8# 0-1

[Event "DVM U16 2019"]
[Site "Magdeburg GER"]
[Date "2019.12.28"]
[Round "3"]
[White "Bantchev, Malte"]
[Black "Rabenstein, Jonathan"]
[Result "1-0"]
[Termination "normal"]
[Board "10.3"]
[WhiteElo "1480"]
[BlackElo "1382"]
[WhiteTeam "Stuttgarter SF 1879"]
[BlackTeam "USC Magdeburg"]
[PlyCount "77"]
[WhiteFideId "16288882"]
[BlackFideId "16298462"]
[EventCountry "GER"]
[EventRounds "7"]
[EventType "team-swiss"]
[EventDate "2019.12.26"]

1. d4 d5 2. c4 c6 3. Nc3 Nf6 4. cxd5 cxd5 5. Bg5 Nc6 6. Bxf6 gxf6 7. Nf3 Bf5 8.
Qb3 Qb6 9. Qxb6 axb6 10. Nxd5 Rd8 11. Nc7+ Kd7 12. Nb5 Kc8 13. a3 Rd5 14. e3 e5
15. Bc4 Rd7 16. O-O Rg8 17. Kh1 Be4 18. Rad1 exd4 19. exd4 f5 20. Bd3 Bg7 21.
Bxe4 fxe4 22. Ne5 Nxe5 23. dxe5 Bxe5 24. Rxd7 Kxd7 25. Re1 f5 26. Rd1+ Kc6 27.
Nd4+ Kc5 28. Nxf5 Rf8 29. Ne3 Bxb2 30. Rd5+ Kc6 31. Kg1 Ra8 32. Rh5 Rxa3 33. g4
Ra5 34. Rxh7 b5 35. Nc2 Ra8 36. g5 Rg8 37. h4 Bf6 38. Rh6 b4 39. Nxb4+ 1-0

[Event "DVM U16 2019"]
[Site "Magdeburg GER"]
[Date "2019.12.28"]
[Round "3"]
[White "Weis, Oskar"]
[Black "Zhang, Guo Hong"]
[Result "0-1"]
[Termination "normal"]
[Board "10.4"]
[WhiteElo "1155"]
[BlackElo "1217"]
[WhiteTeam "USC Magdeburg"]
[BlackTeam "Stuttgarter SF 1879"]
[PlyCount "68"]
[WhiteFideId "16298470"]
[BlackFideId "16288890"]
[EventCountry "GER"]
[EventRounds "7"]
[EventType "team-swiss"]
[EventDate "2019.12.26"]

1. e4 c5 2. Nc3 d6 3. f4 Nc6 4. Bb5 Bd7 5. Nf3 a6 6. Bc4 Nf6 7. O-O g6 8. d3
Bg7 9. Ng5 e6 10. Qe2 O-O 11. Be3 b5 12. Bb3 h6 13. Nf3 Ng4 14. Bd2 Nd4 15.
Nxd4 Bxd4+ 16. Kh1 Qh4 17. g3 Qh5 18. Kg2 Ne3+ 19. Bxe3 Qxe2+ 20. Nxe2 Bxe3 21.
Rf3 Bd4 22. c3 Bg7 23. d4 c4 24. Bc2 Bc6 25. Rd1 d5 26. e5 a5 27. a3 Rfb8 28.
h3 b4 29. Rb1 bxa3 30. bxa3 Rxb1 31. Bxb1 Ba4 32. Rf1 Rb8 33. g4 Rb2 34. Kf3
Bf8 0-1